000 00349nam a2200157Ia 4500
003 OSt
005 20240212121105.0
008 170524s9999 xx 000 0 und d
020 _a978-0199580842
040 _cIIMT UNIVERSITY
100 _aGODSON MARK
100 _c2011
245 0 _aRELATIONSHIP MARKETING
260 _aOXFORD
942 _2ddc
_c01
999 _c2805
_d2805